[Event "Guwahati Sakatam op 1st"]
[Site "Guwahati"]
[Date "2024.03.24"]
[Round "3"]
[White "Arpan, Das Jr"]
[Black "Tarun, N."]
[Result "1-0"]
[WhiteElo "2374"]
[BlackElo "1688"]
[PlyCount "110"]
[EventDate "2024.03.23"]
[EventType "swiss"]
[EventRounds "10"]
[EventCountry "IND"]
[SourceTitle "CB15_2024"]
[SourceDate "2024.04.10"]
[SourceVersion "1"]
[SourceVersionDate "2024.04.10"]
[SourceQuality "1"]

1. e4 c5 2. Nf3 d6 3. d4 cxd4 4. Nxd4 Nf6 5. Nc3 a6 6. h3 b5 7. g4 Bb7 8. Bg2 e6 9. a3 Qc7 10. 0-0 Be7 11. f4 Nc6 12. Nde2 0-0 13. g5 Nd7 14. Be3 Nb6 15. b3 Rac8 16. Kh1 Rfe8 17. Qe1 Nd7 18. Qg3 Bf8 19. h4 b4 20. Na2 bxa3 21. Qf2 a5 22. c4 Nb4 23. Nd4 Nc5 24. Nc3 a2 25. Rfd1 Qb8 26. Qe2 Qa8 27. Nxa2 Nxa2 28. Qxa2 Bxe4 29. Rg1 Rb8 30. Nb5 Bxg2+ 31. Rxg2 Qe4 32. Bxc5 dxc5 33. Qf2 Red8 34. Re1 Qc6 35. Qe3 Rd7 36. Kh2 Rbd8 37. Rg3 Bd6 38. h5 Bb8 39. Kh3 Rd1 40. Kg4 Qd7 41. Rxd1 Qxd1+ 42. Kh4 Qd2 43. Qxd2 Rxd2 44. Kg4 Kf8 45. Rf3 Ke7 46. Nc3 Kd7 47. Ne4 Rd4 48. Nxc5+ Kc6 49. Na4 e5 50. Kf5 Rxf4+ 51. Rxf4 exf4 52. Ke4 Bd6 53. Nb2 Bc7 54. Nd3 Bd6 55. Nxf4 Bxf4 1-0